000
00344nam a22001457a 4500
008
210427b ||||| |||| 00| 0 eng d
020
_a
0553050613
041
_a
eng
080
_a
37
082
_a
37
100
_a
46
101
_a
EDU
245
_a
What they don't Teach you at Harvard Business School
_c
Mark H. McCormack
942
_2
udc
_c
BK
999
_c
56797
_d
56797